[Event "Mistrovstvi CR senioru nad 60 let"]
[Site "Pelcovo divadlo Rychnov nad Kneznou, Panska ulice"]
[Date "2015.08.17"]
[Round "3.3"]
[White "Rucka, Alois"]
[Black "Lorenc, Oldrich"]
[Result "0-1"]
[WhiteElo "1923"]
[BlackElo "2050"]
[EventDate "2015.08.15"]

1. d4  Nf6  2. Nf3  g6
3. g3  Bg7  4. Bg2
O-O  5. O-O  d5
6. c4  c6  7. Nc3  dxc4
8. Ne5  Be6  9. a4
Nbd7  10. a5  Nd5
11. a6  Nxe5  12. axb7
Rb8  13. dxe5  Rxb7
14. Qa4  Bxe5  15. Qxc6
Rc7  16. Qa6  Nxc3
17. bxc3  Bxc3  18. Bf4
Bxa1  19. Bxc7  Qxc7
20. Rxa1  c3  21. Qxa7
Qxa7  22. Rxa7  c2
23. Rc7  Rc8  0-1

[Event "Mistrovstvi CR senioru nad 60 let"]
[Site "Pelcovo divadlo Rychnov nad Kneznou, Panska ulice"]
[Date "2015.08.17"]
[Round "3.4"]
[White "Uhmann, Jan"]
[Black "Sedlacek, Jan"]
[Result "1-0"]
[WhiteElo "2019"]
[BlackElo "1909"]
[EventDate "2015.08.15"]

1. d4  d5  2. c4  e6
3. Nc3  Nf6  4. Bg5
Be7  5. Nf3  Nbd7
6. e3  O-O  7. Rc1
c6  8. a3  Re8
9. Bd3  dxc4  10. Bxc4  Nd5
11. Bxe7  Qxe7  12. O-O
Nxc3  13. Rxc3  e5
14. Ba2  e4  15. Nd2
Nf6  16. f3  Be6
17. Bxe6  Qxe6  18. fxe4
Nxe4  19. Nxe4  Qxe4
20. Qf3  Qxf3  21. gxf3
Rad8  22. Kf2  f5
23. Rd1  Kf7  24. Ke2
Re6  25. Kd3 Rde8 26. Re1  Rh6
27. Rc2  Rh3  28. Rf2
g5  29. Kc4  Ke6
30. e4  f4  31. Rg1
h6  32. Rd1  Kd6
33. e5+  Ke6  34. a4
Rd8  35. b4  a6
36. a5  Rd5  37. Rd3  Rb5
38. Rc3  Rd5  39. Kd3
Rb5  40. Kc4  Rd5
41. Rd3  Rb5  42. Rb3
Rd5  43. Kd3  Rb5
44. Ke4  Rd5  45. Rfb2
Rb5  46. Rd3  Rd5
47. Rc3  g4  48. Rd2
Rxf3  49. Rxf3  gxf3
50. Rf2  Rb5  51. Rxf3
Rxb4  52. Rxf4  c5
53. Rf6+  Ke7  54. Rxh6
cxd4  55. Kf5  d3
56. Re6+  Kf7  57. Rd6
Rh4  58. Rd7+  Ke8
59. Rxd3  Rh5+  60. Ke6
Rh6+  61. Kd5  Rxh2
62. Rb3  Rd2+  63. Ke6
Rd7  64. Rb6  Re7+
65. Kf5  Rf7+  66. Rf6
Rc7  67. Re6+  Kf7
68. Rh6  Kg7  69. Rg6+
Kf7  70. e6+  Kf8
71. Kf6  Rc6  72. Rg2
Rd6  73. Rb2  Rd1
74. Rxb7  Rf1+  75. Ke5
Re1+  76. Kd6  Rd1+
77. Kc6  Re1  78. Kd7
Rd1+  79. Kc8  Ra1
80. Kd8  1-0

[Event "Mistrovstvi CR senioru nad 60 let"]
[Site "Pelcovo divadlo Rychnov nad Kneznou, Panska ulice"]
[Date "2015.08.17"]
[Round "3.5"]
[White "Mlynek, Petr"]
[Black "Dolezal, Radoslav"]
[Result "1/2-1/2"]
[WhiteElo "2197"]
[BlackElo "1964"]
[EventDate "2015.08.15"]

1. d4  d5  2. c4  c6
3. Nc3  g6  4. Nf3
Nf6  5. e3  Bg7
6. Bd3  Nbd7  7. O-O  O-O
8. b3  Re8  9. cxd5
cxd5  10. Bb2  b6
11. Rc1  Bb7  12. Nb5
Rf8  13. Qe2  Ne8
14. Rc2  a6  15. Nc3
Nc7  16. a4  Re8
17. Na2  e5  18. Nxe5
Nxe5  19. dxe5  Bxe5
20. Bxe5  Rxe5  21. Nb4
Qd6  22. Rfc1  Ne6
23. Nc6  Nf4  24. Qd2
Nxd3  25. Qxd3  Rh5
26. h3  Re8  27. Qd4
b5  28. Qa7  Bc8
29. Ne7+  Qxe7  30. Qxe7
Rxe7  31. Rxc8+  Kg7
32. axb5  axb5  33. Rb8
d4  34. exd4  Re2
35. Rc5  Rh4  36. Rd5
Rd2  37. Rbxb5  Re4
38. Re5  Rexd4  39. Rb7
Rb2  40. Ree7  Rd1+
1/2-1/2

[Event "Mistrovstvi CR senioru nad 60 let"]
[Site "Pelcovo divadlo Rychnov nad Kneznou, Panska ulice"]
[Date "2015.08.17"]
[Round "3.6"]
[White "Sibl, Vaclav"]
[Black "Novotny, Josef"]
[Result "1/2-1/2"]
[WhiteElo "1936"]
[BlackElo "2150"]
[EventDate "2015.08.15"]

1. d4  e6  2. Bf4  d6
3. e3  g6  4. Nf3
f6  5. h3  Nh6
6. c4  Bg7  7. Nc3  O-O
8. Be2  Nc6  9. O-O
g5  10. Bh2 f5  11. d5
Nb4  12. Qb3  Na6
13. dxe6  Nc5  14. Qc2
Bxe6  15. Nd4  Bd7
16. b4  Na6  17. b5
Nc5  18. Rad1  g4
19. hxg4  Nxg4  20. Bg3
Qg5  21. Bf4  Qh5
22. Nf3 Ne6  23. Nd5  Kh8
24. Bg3  Rf7  25. Nh2
Rg8  26. Nxg4  fxg4
27. Nf4  Nxf4  28. Bxf4
Be5  29. Bxe5+  dxe5
30. Qe4  Rg6  31. g3
Rf3  32. Bxf3  Rh6
33. Rfe1  Qh2+  34. Kf1
gxf3  35. Qxf3  Qh3+
36. Qg2  Qg4  37. Qd5
Qh3+  38. Qg2  1/2-1/2

[Event "Mistrovstvi CR senioru nad 60 let"]
[Site "Pelcovo divadlo Rychnov nad Kneznou, Panska ulice"]
[Date "2015.08.17"]
[Round "3.7"]
[White "Truksa, Vaclav"]
[Black "Salac, Jiri"]
[Result "1-0"]
[WhiteElo "1857"]
[BlackElo "2128"]
[EventDate "2015.08.15"]

1. d4  d5  2. Nf3  c6
3. e3  Bf5  4. Bd3
e6  5. Bxf5  exf5
6. Qd3  g6  7. Nbd2
Nd7  8. b3 Bd6 9. Bb2  Qe7
10. c4  Ngf6  11. O-O
O-O  12. a3  a5
13. c5  Bc7  14. a4  Ne4
15. Ba3  h5  16. b4
axb4  17. Bxb4  Ra7
18. a5  Rfa8  19. Nb3
Qd8  20. Ra3  g5
21. g3  h4  22. Nfd2 g4 23. Kg2
Kg7  24. f4  gxf3+
25. Rxf3  hxg3  26. h3
Qg5  27. Qf1  Nf2
28. Rxf2  gxf2+  29. Kxf2
Re8  30. Nc1  f4
31. Nf3  fxe3+  32. Ke2
Nf6  33. Nxg5  1-0

[Event "Mistrovstvi CR senioru nad 60 let"]
[Site "Pelcovo divadlo Rychnov nad Kneznou, Panska ulice"]
[Date "2015.08.17"]
[Round "3.8"]
[White "Juricek, Stanislav"]
[Black "Pavlis, Jaromir"]
[Result "1/2-1/2"]
[WhiteElo "2112"]
[BlackElo "1923"]
[EventDate "2015.08.15"]
[PlyCount "59"]

1. e4 c6 2. d4 d5 3. exd5 cxd5 4. Bd3 Nf6 5. c3 Nc6 6. Bf4 e6 7. Nd2 Bd6 8.
Bxd6 Qxd6 9. Ngf3 Qf4 10. Qe2 Bd7 11. O-O O-O 12. Rae1 g6 13. Qd1 Rab8 14. Ne5
Nxe5 15. dxe5 Ne8 16. g3 Qa4 17. Qxa4 Bxa4 18. Nf3 Nc7 19. Nd4 Bd7 20. Rc1 b5
21. f4 Rb6 22. a3 Re8 23. Kf2 Kg7 24. h4 f5 25. Be2 h5 26. Rfd1 Kf7 27. Ke3 Ke7
28. Ra1 Rc8 29. Rdc1 a6 30. b4 1/2-1/2

[Event "Mistrovstvi CR senioru nad 60 let"]
[Site "Pelcovo divadlo Rychnov nad Kneznou, Panska ulice"]
[Date "2015.08.17"]
[Round "3.9"]
[White "Vlachopulos, Georgis"]
[Black "Jablecnik, Gustav"]
[Result "0-1"]
[WhiteElo "1878"]
[BlackElo "2102"]
[EventDate "2015.08.15"]
[PlyCount "118"]

1. e4 e5 2. Nf3 Nc6 3. Bc4 Be7 4. d4 d6 5. dxe5 Nxe5 6. Nxe5 dxe5 7. Qh5 g6 8.
Qxe5 Nf6 9. Bh6 Rg8 10. Qb5+ Qd7 11. Qb3 Bd6 12. Nd2 c6 13. a4 Ng4 14. Bg5 h6
15. Bh4 Bxh2 16. Nf3 g5 17. Bg3 Bxg3 18. fxg3 Qe7 19. O-O-O Be6 20. Bxe6 fxe6
21. Rd2 Rd8 22. Nd4 Rg6 23. Rf1 a6 24. Qf3 Nh2 25. Qh5 Nxf1 26. Qxg6+ Qf7 27.
Qxf7+ Kxf7 28. Rf2+ Ke7 29. Nxc6+ bxc6 30. Rxf1 Rd4 31. Re1 Rxa4 32. Kd2 Kd6
33. b3 Rd4+ 34. Ke3 Ke5 35. Ra1 Rxe4+ 36. Kf3 g4+ 37. Kf2 Kd6 38. Rxa6 Re5 39.
c4 Re4 40. Ra5 e5 41. Ra8 Kc5 42. Ra4 h5 43. Kf1 Re3 44. Ra5+ Kd4 45. Ra6 Rxb3
46. Ke2 Rb2+ 47. Kd1 c5 48. Rh6 Rxg2 49. Rxh5 Rxg3 50. Ke2 e4 51. Rd5+ Kxc4 52.
Rd1 Rd3 53. Ra1 Kd4 54. Ra8 g3 55. Rg8 c4 56. Rg7 c3 57. Rg5 g2 58. Kf2 Rd2+
59. Ke1 Ra2 0-1

[Event "Mistrovstvi CR senioru nad 60 let"]
[Site "Pelcovo divadlo Rychnov nad Kneznou, Panska ulice"]
[Date "2015.08.17"]
[Round "3.10"]
[White "Drabek, Miloslav"]
[Black "Vesely, Emanuel"]
[Result "1-0"]
[WhiteElo "2079"]
[BlackElo "1813"]
[EventDate "2015.08.15"]
[PlyCount "97"]

1. d4 e6 2. Nf3 b6 3. g3 Bb7 4. Bg2 Nf6 5. O-O Be7 6. c4 O-O 7. Nc3 Ne4 8. d5
Nxc3 9. bxc3 d6 10. Nd4 e5 11. Nf5 Bf6 12. e4 Bc8 13. Qe2 Bxf5 14. exf5 Nd7 15.
Be3 Bg5 16. h4 Bxe3 17. fxe3 Nc5 18. f6 g6 19. g4 h6 20. Rf2 Re8 21. e4 a6 22.
Raf1 Qd7 23. Qe3 Kh7 24. Bf3 Qa4 25. Be2 b5 26. g5 Qc2 27. cxb5 Qxe4 28. Qxe4
Nxe4 29. Rg2 Nxc3 30. bxa6 Nxe2+ 31. Rxe2 Rxa6 32. Rc1 Rc8 33. Rec2 Ra7 34. Rc6
h5 35. Rxd6 Rb8 36. Rd7 Rb4 37. Rxf7+ Kg8 38. Rfxc7 Rg4+ 39. Kf1 Rf4+ 40. Ke1
Re4+ 41. Kf2 Rf4+ 42. Ke3 Ra3+ 43. R1c3 Rxc3+ 44. Rxc3 Rxh4 45. Rc8+ Kf7 46.
Rc7+ Kf8 47. d6 Ke8 48. Re7+ Kd8 49. f7 1-0

[Event "Mistrovstvi CR senioru nad 60 let"]
[Site "Pelcovo divadlo Rychnov nad Kneznou, Panska ulice"]
[Date "2015.08.17"]
[Round "3.11"]
[White "Lacha, Jan"]
[Black "Hlavac, Frantisek"]
[Result "1/2-1/2"]
[WhiteElo "1840"]
[BlackElo "2010"]
[EventDate "2015.08.15"]
[PlyCount "22"]

1. d4 e6 2. e4 d5 3. exd5 exd5 4. Bd3 Bd6 5. Ne2 Ne7 6. O-O O-O 7. Bf4 Bf5 8.
Bxf5 Bxf4 9. Nxf4 Nxf5 10. c3 c6 11. Re1 Re8 1/2-1/2

[Event "Mistrovstvi CR senioru nad 60 let"]
[Site "Pelcovo divadlo Rychnov nad Kneznou, Panska ulice"]
[Date "2015.08.17"]
[Round "3.12"]
[White "Urbanec, Vladimir"]
[Black "Just, Pavel"]
[Result "1/2-1/2"]
[WhiteElo "1501"]
[BlackElo "1999"]
[EventDate "2015.08.15"]
[PlyCount "55"]

1. f4 d5 2. Nf3 g6 3. d4 Bg7 4. e3 Bg4 5. Nbd2 e6 6. Bd3 Nd7 7. O-O c5 8. c3
Ne7 9. Qe1 O-O 10. b3 Rc8 11. Bb2 Bxf3 12. Rxf3 cxd4 13. cxd4 Re8 14. b4 Nf5
15. g4 Nd6 16. h4 f5 17. g5 b5 18. h5 Nc4 19. Bc1 a5 20. Nb3 a4 21. Nc5 Ndb6
22. a3 Kf7 23. hxg6+ hxg6 24. Rh3 Rh8 25. Qg3 Qe7 26. Ra2 Rxh3 27. Qxh3 Rh8 28.
Qg3 1/2-1/2

[Event "Mistrovstvi CR senioru nad 60 let"]
[Site "Pelcovo divadlo Rychnov nad Kneznou, Panska ulice"]
[Date "2015.08.17"]
[Round "3.13"]
[White "Ondrejat, Miroslav"]
[Black "Majerik, Vladimir"]
[Result "1/2-1/2"]
[WhiteElo "1992"]
[BlackElo "1837"]
[EventDate "2015.08.15"]
[PlyCount "29"]

1. d4 d5 2. c4 c6 3. Nc3 Nf6 4. Nf3 Bf5 5. Qb3 Qb6 6. cxd5 Qxb3 7. axb3 Nxd5 8.
e4 Nxc3 9. exf5 Nd5 10. Bd2 g6 11. fxg6 hxg6 12. b4 Bh6 13. b5 Bxd2+ 14. Kxd2
O-O 15. h4 1/2-1/2

[Event "Mistrovstvi CR senioru nad 60 let"]
[Site "Pelcovo divadlo Rychnov nad Kneznou, Panska ulice"]
[Date "2015.08.17"]
[Round "3.14"]
[White "Pittermann, Jan"]
[Black "Sobotnik, Petr"]
[Result "0-1"]
[WhiteElo "1832"]
[BlackElo "1984"]
[EventDate "2015.08.15"]
[PlyCount "82"]

1. c4 e5 2. g3 Nc6 3. Nc3 Bb4 4. Bg2 Nf6 5. e3 O-O 6. Nge2 Re8 7. O-O d6 8. a3
Bxc3 9. Nxc3 Be6 10. d3 Qd7 11. b4 Bh3 12. Nd5 Nxd5 13. cxd5 Bxg2 14. Kxg2 Ne7
15. e4 Ng6 16. f4 exf4 17. Bxf4 a5 18. Bd2 axb4 19. Bxb4 f6 20. Bc3 Ra4 21. Bb2
Rea8 22. Qe2 c5 23. dxc6 bxc6 24. Rac1 c5 25. Rc2 Rb8 26. Rfc1 Qb5 27. h4 Ne5
28. Bxe5 fxe5 29. Rc3 Rd4 30. h5 h6 31. g4 Rf8 32. Rc4 Rxc4 33. Rxc4 Qb3 34.
Qc2 Rb8 35. a4 Qa3 36. Rc3 Qa1 37. Rb3 Ra8 38. Qc4+ Kh8 39. Rb6 Rf8 40. d4 Qe1
41. dxc5 Rf2+ 0-1

[Event "Mistrovstvi CR senioru nad 60 let"]
[Site "Pelcovo divadlo Rychnov nad Kneznou, Panska ulice"]
[Date "2015.08.17"]
[Round "3.15"]
[White "Demeter, Istvan"]
[Black "Kasik, Miroslav"]
[Result "1/2-1/2"]
[WhiteElo "2025"]
[BlackElo "1753"]
[EventDate "2015.08.15"]
[PlyCount "30"]

1. Nf3 d5 2. g3 c5 3. c4 e6 4. Bg2 Nc6 5. O-O Nf6 6. Na3 Be7 7. d3 O-O 8. Bd2
a6 9. b3 Rb8 10. Rb1 e5 11. cxd5 Nxd5 12. Nc4 f6 13. Ne3 Be6 14. Qc1 Nxe3 15.
Bxe3 Nd4 1/2-1/2

[Event "Mistrovstvi CR senioru nad 60 let"]
[Site "Pelcovo divadlo Rychnov nad Kneznou, Panska ulice"]
[Date "2015.08.17"]
[Round "3.16"]
[White "Palla, Rostislav"]
[Black "Pribyl, Jaroslav"]
[Result "1-0"]
[WhiteElo "1790"]
[BlackElo "2022"]
[EventDate "2015.08.15"]
[PlyCount "71"]

1. e4 e5 2. Nf3 Nc6 3. Bb5 a6 4. Ba4 Nf6 5. O-O Be7 6. Re1 b5 7. Bb3 O-O 8. c3
d5 9. exd5 Nxd5 10. Nxe5 Nxe5 11. Rxe5 c6 12. d4 Bd6 13. Re1 Qh4 14. g3 Qh3 15.
Bxd5 cxd5 16. Qf3 Bg4 17. Qxd5 Rae8 18. Be3 Re6 19. Nd2 Rfe8 20. Qg2 Qh5 21. a4
bxa4 22. Rxa4 Be2 23. c4 a5 24. c5 Bc7 25. d5 Rg6 26. Rh4 Qxh4 27. gxh4 Rxg2+
28. Kxg2 Bd3 29. d6 Bd8 30. c6 Bb5 31. Rc1 Bf6 32. d7 Ra8 33. Bb6 a4 34. Rc5 a3
35. Rxb5 a2 36. Nb3 1-0

[Event "Mistrovstvi CR senioru nad 60 let"]
[Site "Pelcovo divadlo Rychnov nad Kneznou, Panska ulice"]
[Date "2015.08.17"]
[Round "3.17"]
[White "Kotva, Milan"]
[Black "Mares, Ilja"]
[Result "0-1"]
[WhiteElo "2006"]
[BlackElo "1787"]
[EventDate "2015.08.15"]
[PlyCount "78"]

1. e4 d6 2. d4 Nf6 3. Nc3 g6 4. f4 Bg7 5. Nf3 O-O 6. Be2 Nc6 7. O-O e5 8. d5
Ne7 9. fxe5 dxe5 10. Bg5 Ne8 11. Qd2 f6 12. Be3 Nd6 13. Rad1 Bd7 14. Bh6 Nf7
15. Bxg7 Kxg7 16. Bc4 Nd6 17. Bb3 Qe8 18. Qe3 b6 19. Ne1 g5 20. Rd2 Ng6 21. g3
Qe7 22. Nf3 Bh3 23. Re1 h6 24. Nd1 g4 25. Nf2 gxf3 26. Nxh3 f5 27. exf5 Nxf5
28. Qe4 Nd6 29. Qg4 Nf5 30. Rf2 Nd4 31. c3 Ne2+ 32. Kh1 e4 33. Nf4 Nexf4 34.
gxf4 Rxf4 35. Qe6 Re8 36. Bd1 Qxe6 37. dxe6 Rxe6 38. Rxf3 exf3 39. Rxe6 f2 0-1

[Event "Mistrovstvi CR senioru nad 60 let"]
[Site "Pelcovo divadlo Rychnov nad Kneznou, Panska ulice"]
[Date "2015.08.17"]
[Round "3.18"]
[White "Splitek, Lubos"]
[Black "Zboril, Jaroslav"]
[Result "1-0"]
[WhiteElo "1777"]
[BlackElo "1998"]
[EventDate "2015.08.15"]
[PlyCount "93"]

1. e4 d6 2. d4 Nf6 3. Nf3 Nxe4 4. Bc4 d5 5. Bb3 Bg4 6. h3 Bh5 7. g4 Bg6 8. Ne5
e6 9. h4 f6 10. Nxg6 hxg6 11. Qd3 Qd6 12. Nc3 f5 13. Nb5 Qd7 14. Bf4 Nd6 15.
Nc3 Na6 16. O-O-O O-O-O 17. Rdg1 c6 18. f3 Nc7 19. a4 Nde8 20. Be5 Nf6 21. g5
Nfe8 22. Ne2 Bd6 23. Nf4 Qf7 24. Re1 Bxe5 25. Rxe5 Nd6 26. Qe2 Rde8 27. Qe1 Nc4
28. Re2 b6 29. Ba2 Kb7 30. b3 Nd6 31. c4 c5 32. dxc5 bxc5 33. Nd3 Na6 34. Ne5
Qc7 35. Nxg6 Rhg8 36. Rxe6 Nb4 37. Bb1 Rxe6 38. Qxe6 Re8 39. Qxe8 Nxe8 40. Re1
Qd8 41. Re7+ Nc7 42. Bxf5 dxc4 43. Rd7 Qg8 44. Ne7 Qe8 45. bxc4 Qf7 46. Be4+
Kb6 47. Nc8+ 1-0

[Event "Mistrovstvi CR senioru nad 60 let"]
[Site "Pelcovo divadlo Rychnov nad Kneznou, Panska ulice"]
[Date "2015.08.17"]
[Round "3.20"]
[White "Bainhofner, Jiri"]
[Black "Miciak, Emanuel"]
[Result "0-1"]
[WhiteElo "1761"]
[BlackElo "1889"]
[EventDate "2015.08.15"]
[PlyCount "97"]

1. e4 c5 2. Nc3 Nc6 3. f4 e6 4. Nf3 Nge7 5. Bc4 d5 6. exd5 exd5 7. Bb3 a6 8. d3
g6 9. O-O Bg7 10. Ne2 Na5 11. c3 Nxb3 12. Qxb3 O-O 13. Be3 b6 14. Rae1 Bf5 15.
Qd1 Qc7 16. d4 Rad8 17. h3 h5 18. Ne5 Bc8 19. Qd2 Nf5 20. Bf2 a5 21. Kh2 h4 22.
Rg1 Kh7 23. g4 hxg3+ 24. Nxg3 Rh8 25. Nxf5 Bxf5 26. Qe3 Kg8 27. Ng4 cxd4 28.
cxd4 Qc2 29. Qe2 Qc7 30. Kg3 Be4 31. Ne5 Qe7 32. Nf3 f6 33. h4 Kf7 34. Kg2 Rc8
35. Rc1 Rc7 36. Rc3 Rxc3 37. bxc3 Qc7 38. Qd2 Qd7 39. Bg3 Qg4 40. Qe3 Rxh4 41.
Kf2 Rh3 42. Nd2 Qf5 43. Nxe4 dxe4 44. Qe2 g5 45. Qc4+ Kg6 46. Kg2 Qg4 47. f5+
Qxf5 48. Qg8 Rh8 49. Qc4 0-1

[Event "Mistrovstvi CR senioru nad 60 let"]
[Site "Pelcovo divadlo Rychnov nad Kneznou, Panska ulice"]
[Date "2015.08.17"]
[Round "3.21"]
[White "Klimes, Jiri"]
[Black "Brhlik, Antonin"]
[Result "1-0"]
[WhiteElo "1882"]
[BlackElo "1725"]
[EventDate "2015.08.15"]
[PlyCount "147"]

1. e4 c5 2. Nf3 Nc6 3. d4 cxd4 4. Nxd4 Nf6 5. Nc3 e5 6. Nf3 Bb4 7. Bd2 Bxc3 8.
Bxc3 Nxe4 9. Qd3 Nxc3 10. Qxc3 O-O 11. O-O-O d5 12. Bb5 d4 13. Qc5 Bg4 14. Bxc6
bxc6 15. Qxe5 Bxf3 16. gxf3 Re8 17. Qxd4 Qa5 18. Qc4 Re6 19. Rhg1 Rae8 20. Qc3
Qxc3 21. bxc3 Re2 22. Rd2 R2e5 23. c4 Rb8 24. Rgd1 Kf8 25. Rd6 c5 26. R6d5 Rxd5
27. cxd5 Ke7 28. Rd3 Kd6 29. c4 Rb4 30. Rc3 Ke5 31. Kc2 Kd6 32. Kd3 Rb2 33. Rc2
Rb1 34. f4 Rd1+ 35. Ke2 Rb1 36. Kf3 a5 37. Ke4 a4 38. f5 f6 39. Kd3 Rd1+ 40.
Kc3 Rb1 41. Rb2 Rc1+ 42. Kd3 Rd1+ 43. Ke2 Rd4 44. Rc2 Rf4 45. Ke3 Rxf5 46. Rb2
g5 47. Rb6+ Kd7 48. Rc6 Re5+ 49. Kd3 Rf5 50. Ke2 Re5+ 51. Kf1 Re4 52. Rxc5 h5
53. Rc6 f5 54. f3 Rd4 55. Ke2 f4 56. Rg6 Rxc4 57. Kd3 Rc1 58. Rxg5 Ra1 59. Rg2
Rd1+ 60. Ke4 Rb1 61. Kxf4 a3 62. Rg7+ Kd6 63. Ra7 Kxd5 64. Rxa3 Rh1 65. Ra5+
Ke6 66. Rxh5 Ra1 67. Rh6+ Kf7 68. Kf5 Rxa2 69. Rh7+ Kf8 70. f4 Ra5+ 71. Kg4 Ra2
72. Kg5 Ra5+ 73. f5 Ra2 74. Kg6 1-0

[Event "Mistrovstvi CR senioru nad 60 let"]
[Site "Pelcovo divadlo Rychnov nad Kneznou, Panska ulice"]
[Date "2015.08.17"]
[Round "3.22"]
[White "Burdilak, Milan"]
[Black "Lexa, Vaclav"]
[Result "1/2-1/2"]
[WhiteElo "1743"]
[BlackElo "1880"]
[EventDate "2015.08.15"]
[PlyCount "76"]

1. d4 Nf6 2. Nf3 e6 3. g3 d5 4. Bg2 Bd6 5. O-O Nbd7 6. Nbd2 c5 7. c3 O-O 8. Re1
Qc7 9. e4 dxe4 10. Nxe4 Nxe4 11. Rxe4 Nf6 12. Re1 h6 13. Be3 Rd8 14. Qe2 Rb8
15. Rad1 Bd7 16. dxc5 Bxc5 17. Bf4 Qb6 18. Bxb8 Rxb8 19. Ne5 Be8 20. b4 Be7 21.
Qe3 Qxe3 22. Rxe3 Bb5 23. a3 a5 24. c4 Ba4 25. Rb1 axb4 26. axb4 Ne8 27. Ra3
Bc2 28. Rb2 Bf5 29. Ra7 Rd8 30. f4 f6 31. Rxb7 Bf8 32. Nc6 Rd1+ 33. Kf2 Nd6 34.
Ne7+ Kf7 35. Nxf5+ Nxb7 36. Nxh6+ gxh6 37. Bxb7 Rd4 38. c5 Rxb4 1/2-1/2

[Event "Mistrovstvi CR senioru nad 60 let"]
[Site "Pelcovo divadlo Rychnov nad Kneznou, Panska ulice"]
[Date "2015.08.17"]
[Round "3.23"]
[White "Pospisil, Petr"]
[Black "Innemann, Frantisek"]
[Result "0-1"]
[WhiteElo "1717"]
[BlackElo "1877"]
[EventDate "2015.08.15"]
[PlyCount "66"]

1. d4 e6 2. c4 Nf6 3. Nc3 b6 4. e4 Bb7 5. Bd3 Bb4 6. Qc2 Nc6 7. Nf3 d6 8. Bg5
e5 9. d5 Nd4 10. Qa4+ Qd7 11. Qxb4 Qg4 12. Qa4+ Kd8 13. Bxf6+ gxf6 14. Qd1 Qxg2
15. Nxd4 Qxh1+ 16. Kd2 Qxd1+ 17. Rxd1 exd4 18. Ne2 Rg8 19. Rh1 Ke7 20. Nxd4 Rg2
21. Ke1 Rag8 22. Nf5+ Kf8 23. Ng3 Bc8 24. Bf1 Bh3 25. Be2 Rg5 26. Bf3 f5 27.
exf5 h5 28. Bxg2 Bxg2 29. h4 Rxg3 30. fxg3 Bxh1 31. Kf2 Kg7 32. Ke3 Kf6 33. Kf4
Bg2 0-1

[Event "Mistrovstvi CR senioru nad 60 let"]
[Site "Pelcovo divadlo Rychnov nad Kneznou, Panska ulice"]
[Date "2015.08.17"]
[Round "3.25"]
[White "Zikavsky, Rudolf"]
[Black "Franc, Lubor"]
[Result "0-1"]
[WhiteElo "1645"]
[BlackElo "1841"]
[EventDate "2015.08.15"]
[PlyCount "106"]

1. e4 c6 2. d4 d5 3. Nd2 dxe4 4. Nxe4 Bf5 5. Ng3 Bg6 6. Bd3 Qc7 7. Nf3 Nd7 8.
O-O e6 9. Be3 Ngf6 10. c4 Bd6 11. c5 Bf4 12. Bxg6 hxg6 13. Bxf4 Qxf4 14. Qd2
Qxd2 15. Nxd2 Rd8 16. Nde4 Nxe4 17. Nxe4 Ke7 18. b4 Nf6 19. Nd6 Rd7 20. f3 Ne8
21. Nc8+ Kf6 22. Rfd1 Nc7 23. Nd6 Nd5 24. a3 Ne3 25. Rd3 Nf5 26. Nxf5 gxf5 27.
f4 g5 28. g3 gxf4 29. gxf4 Rh4 30. Rf1 Rg4+ 31. Kh1 Rd8 32. h3 Rh8 33. Rff3
Rhh4 34. Rf1 Rxf4 35. Rfd1 Re4 36. R1d2 Reg4 37. Kh2 Kg5 38. a4 a6 39. b5 axb5
40. axb5 cxb5 41. d5 exd5 42. Rb2 Rd4 43. Rg3+ Rdg4 44. Rd3 Rd4 45. Rg3+ Kf6
46. Rxb5 Rb4 47. Rb3 Rxb3 48. Rxb3 Rc4 49. Kg3 Rxc5 50. Rxb7 Rc3+ 51. Kh4 Ke6
52. Rb6+ Ke5 53. Rb4 Rc4+ 0-1

[Event "Mistrovstvi CR senioru nad 70 let a nad 80 let"]
[Site "Pelcovo divadlo Rychnov nad Kneznou, Panska ulice"]
[Date "2015.08.17"]
[Round "3.1"]
[White "Volf, Jaroslav"]
[Black "Pecka, Frantisek"]
[Result "1/2-1/2"]
[WhiteElo "2045"]
[BlackElo "2069"]
[EventDate "2015.08.15"]

1. e4  c5  2. c3  e6
3. d4  d5  4. exd5
Qxd5  5. Nf3  cxd4
6. Qxd4  Qxd4  7. Nxd4
a6  8. Be2  Bd6
9. Nd2  Ne7  10. Bf3  e5
11. Nc2  Nbc6  12. O-O
Bc7  13. Rd1  Be6
14. Ne4  Rd8  15. Rxd8+
Nxd8  1/2-1/2

[Event "Mistrovstvi CR senioru nad 70 let a nad 80 let"]
[Site "Pelcovo divadlo Rychnov nad Kneznou, Panska ulice"]
[Date "2015.08.17"]
[Round "3.2"]
[White "Mesiarik, Rudolf"]
[Black "Chmelik, Jiri"]
[Result "1/2-1/2"]
[WhiteElo "2049"]
[BlackElo "1981"]
[EventDate "2015.08.15"]

1. Nf3  Nf6  2. c4  e6
3. g3  b6  4. Bg2
Bb7  5. O-O  Be7
6. Nc3  O-O  7. d4
Ne4  8. Qc2  Nxc3
9. bxc3  f5  10. d5
Na6  11. Rd1  Qc8
12. Nd4  Nc5  13. Ba3
Re8  14. Bxc5  Bxc5
15. dxe6  dxe6  16. e4
g6  17. Nb3  Bf8
18. Rd2  Rd8  19. Rad1
Rxd2  20. Rxd2  Qe8
21. Qd3  Rc8  22. exf5
Bxg2  23. Kxg2  Qc6+
24. Qf3  Qxf3+  25. Kxf3
exf5  26. Rd7  Bd6
27. Nd4  Re8  28. Nb5
Re4  29. Nxc7  Rxc4
30. Nb5  Bc5  31. Rxa7
Re4  32. Rd7  Re1
33. Rd2  Rc1  34. Ke2
Kf7  35. Kd3  Ke6
36. Re2+  Kf6  37. Nd4
Rf1  38. f4  h5
39. Ne6  Rf3+  40. Kc4  h4
41. Ng5  Rf1  42. a4
hxg3  43. hxg3  Ra1
44. Re6+  Kg7  45. Rc6
Rxa4+  46. Kb3  Ra1
47. Rc7+  Kg8  48. Ne6
Rg1  49. Rg7+  Kh8
50. Rxg6  Bf2  51. Rg5
Rxg3  52. Rxf5  Kh7
53. Re5  Kg6  54. Kc4
Be3  55. f5+  Kf6
56. Rb5  Bd2  57. Rb3
Rxc3+  1/2-1/2

[Event "Mistrovstvi CR senioru nad 70 let a nad 80 let"]
[Site "Pelcovo divadlo Rychnov nad Kneznou, Panska ulice"]
[Date "2015.08.17"]
[Round "3.3"]
[White "Csizmadia, Lajos"]
[Black "Pojedziniec, Wladyslaw"]
[Result "0-1"]
[WhiteElo "1826"]
[BlackElo "2048"]
[EventDate "2015.08.15"]

1. e4  c5  2. Nf3  e6
3. d4  cxd4  4. Nxd4
a6  5. c4  Nf6
6. Nc3  Bb4  7. e5  Ne4
8. Qg4  Nxc3  9. Qxg7
Na4+  10. Kd1  Rf8
11. Bh6  Nxb2+  12. Kc2
Na4  13. Qxh7  Qa5
14. Bxf8  Bxf8  15. Qd3
Qxe5  16. Be2  Nc6
17. Nxc6  Qb2+  18. Kd1
Qxa1+  19. Kd2  Qb2+
20. Qc2  Bh6+ 21. a3 Nc3+ 0-1

[Event "Mistrovstvi CR senioru nad 70 let a nad 80 let"]
[Site "Pelcovo divadlo Rychnov nad Kneznou, Panska ulice"]
[Date "2015.08.17"]
[Round "3.4"]
[White "Most, Zdenek"]
[Black "Vitek, Vaclav"]
[Result "1/2-1/2"]
[WhiteElo "2033"]
[BlackElo "2038"]
[EventDate "2015.08.15"]
[PlyCount "27"]

1. e4 e5 2. Nf3 Nc6 3. Bb5 a6 4. Ba4 Nf6 5. O-O d6 6. Re1 Be7 7. c3 O-O 8. h3
b5 9. Bc2 Bb7 10. d3 Nd7 11. d4 Re8 12. d5 Ncb8 13. b3 Nf8 14. c4 1/2-1/2

[Event "Mistrovstvi CR senioru nad 70 let a nad 80 let"]
[Site "Pelcovo divadlo Rychnov nad Kneznou, Panska ulice"]
[Date "2015.08.17"]
[Round "3.5"]
[White "Skokan, Zdenek"]
[Black "Macura, Emil"]
[Result "1-0"]
[WhiteElo "1995"]
[BlackElo "2016"]
[EventDate "2015.08.15"]
[PlyCount "55"]

1. e4 e5 2. Nf3 Nc6 3. Bb5 a6 4. Ba4 Nf6 5. Qe2 b5 6. Bb3 Be7 7. c3 d6 8. d3
Na5 9. Bc2 c5 10. Nbd2 Qc7 11. O-O O-O 12. Rd1 Nc6 13. Nf1 h6 14. h3 Be6 15.
Ng3 d5 16. exd5 Nxd5 17. Re1 Rfe8 18. a4 b4 19. d4 cxd4 20. cxd4 Nxd4 21. Nxd4
exd4 22. Qd3 Nf6 23. Nh5 g6 24. Rxe6 Nxh5 25. Rxg6+ fxg6 26. Qxg6+ Ng7 27. Bb3+
Kh8 28. Qxh6# 1-0